000 00434nam a2200145Ia 4500
008 220217s9999||||xx |||||||||||||| ||und||
020 _a978-81-8147-652-4
082 _a004.6 WAL
100 _aWalrand, Jean and Varaiya, Pravin
_96805
245 0 _aHigh performance communication networks
250 _a2nd
260 _aElsevier Academic press
_bNew Delhi
_c2000
300 _aXXII, 693p.
_b425
650 _aCOMPUTER NETWORK
999 _c179739
_d179739